1 Photo / 10 Questions (#3) - Statistics

General Stats
  • This quiz has been taken 16 times
  • The average score is 7 of 10
Answers on the Map
Answers color-coded by a green-red scale on the quiz's map according to % correct below.
 
Answer Stats
Answer % Correct
14
93%
Eurasia | Europe
93%
Moscow
93%
Russian
93%
Vladimir Putin
93%
Baikal
64%
Urals
64%
Volga
64%
Sakhalin
50%
Caspian Sea
36%
No matching quizzes found
Score Distribution
Percent of People with Each Score
Percentile by Number Answered
Your Score History
You have not taken this quiz